Normal view
MARC view
- Goldberg, Seymour
Entry Personal Name
001 - CONTROL NUMBER
- control field: 8110
003 - CONTROL NUMBER IDENTIFIER
- control field: OSt
005 - DATE AND TIME OF LATEST TRANSACTION
- control field: 20260116122549.0
008 - FIXED-LENGTH DATA ELEMENTS
- fixed length control field: 260116|| aca||aabn | a|a d
040 ## - CATALOGING SOURCE
- Original cataloging agency: OSt
- Transcribing agency: OSt
100 ## - HEADING--PERSONAL NAME
- Personal name: Goldberg, Seymour
670 ## - SOURCE DATA FOUND
- Source citation: Work cat.: (OSt)755161: Gohberg, Israel 8106, Classes of linear operators , 1990
